Encuesta sobre el pensamiento crítico en América Latina /
En este artículo, CLACSO busca sus raíces en el pensamiento crítico latinoamericano a partir de las respuestas de cuatro académicos de renombre: Carlos Altamirano, Boaventura de Sousa Santos, Edelberto Torres Rivas y Carmen A Miró.
Đã lưu trong:
| Tác giả chính: | |
|---|---|
| Tác giả khác: | , , |
| Định dạng: | Texto |
| Những chủ đề: | |
| Các nhãn: |
Thêm thẻ
Không có thẻ, Là người đầu tiên thẻ bản ghi này!
|
MARC
| LEADER | 00000 a a2200000 04500 | ||
|---|---|---|---|
| 001 | 40763 | ||
| 003 | |||
| 040 | |||
| 100 | |a Altamirano, Carlos | ||
| 245 | |a Encuesta sobre el pensamiento crítico en América Latina / |c Carlos Altamirano ; Boaventura de Sousa Santos ; Edelberto Torre-Rivas ; Carmen A. Miró | ||
| 520 | |a En este artículo, CLACSO busca sus raíces en el pensamiento crítico latinoamericano a partir de las respuestas de cuatro académicos de renombre: Carlos Altamirano, Boaventura de Sousa Santos, Edelberto Torres Rivas y Carmen A Miró. | ||
| 590 | |a DISEMINAR052011/RRA/JUNIO2011 | ||
| 650 | |a 1.INTELECTUALES | ||
| 650 | |a 2.ENTREVISTAS | ||
| 650 | |a 3.AMERICA LATINA | ||
| 650 | |a 4.HISTORIA SOCIAL | ||
| 650 | |a 5.PENSAMIENTO CRITICO | ||
| 650 | |a 6.CIENCIAS SOCIALES | ||
| 650 | |a 7.CAMBIO SOCIAL | ||
| 700 | |a Sousa Santos, Boaventura de | ||
| 700 | |a Torres-Rivas, Edelberto | ||
| 700 | |a Miró, Carmen A. | ||
| 773 | |g volumen1, número2 ( , 2009), páginas 9-24 | ||
| 999 | |c 38218 |d 38218 | ||
